|
|
|
|
| LEADER |
01405nam a2200337 a 4500 |
| 001 |
38077 |
| 003 |
BD-DhAAL |
| 005 |
20230525133634.0 |
| 008 |
220313t1991 vau b 001 0 eng d |
| 010 |
|
|
|a 90004996
|
| 020 |
|
|
|a 091246352X
|
| 040 |
|
|
|a DLC
|c DLC
|d DLC
|d BD-DhAAL
|
| 041 |
1 |
|
|a eng
|
| 050 |
0 |
0 |
|a BP163
|b .Q2713 1991
|
| 082 |
0 |
0 |
|a 297.0904
|2 20
|
| 100 |
1 |
|
|a Qaraḍāwī, Yūsuf aI.
|9 46892
|
| 245 |
1 |
0 |
|a Islamic awakening between rejection and extremism /
|c Yüsuf al-Qaraḍāwī.
|
| 250 |
|
|
|a New English edition /
|b revised and edited by A.S. Al-Shaikh-Ali, Mohamed B.E. Wasfy.
|
| 260 |
|
|
|a Herndon, Va. :
|b Jointly published by American Trust Publication and the International Institute of Islamic Thought,
|c 1991.
|
| 300 |
|
|
|a 191 pages ;
|c 23 cm.
|
| 490 |
1 |
|
|a Issues of Islamic thought series ;
|v no. 2
|
| 504 |
|
|
|a Includes bibliographical references and index.
|
| 541 |
|
|
|a Donated By Akbar Ali Khan
|e 38077
|
| 650 |
|
0 |
|a Islam
|y 20th century.
|9 46893
|
| 700 |
2 |
|
|a Al-Shaikh-Ali, A. S.
|9 46894
|
| 700 |
1 |
|
|a Wasfy, Mohamed B.E.
|9 46895
|
| 830 |
|
0 |
|a Issues of Islamic thought ;
|v no. 2.
|9 46896
|
| 852 |
|
|
|a Ayesha Abed Library
|c Akbar Ali Khan Collection
|
| 942 |
|
|
|2 ddc
|c BK
|
| 999 |
|
|
|c 43761
|d 43761
|
| 952 |
|
|
|0 0
|1 0
|2 ddc
|4 0
|6 297_090400000000000_QAR
|7 1
|9 70121
|a BRACUL
|b BRACUL
|c AAKC
|d 2022-03-13
|e Donated by Akbar Ali Khan
|l 0
|o 297.0904 QAR
|p 3010038077
|r 2022-03-13
|t 1
|w 2022-03-13
|y BK
|